[Event "Asia-ch U20"]
[Site "New Delhi"]
[Date "2006.11.11"]
[Round "6.11"]
[White "Anwesh, Upadhyaya"]
[Black "Purv, Shethaman"]
[Result "1/2-1/2"]
[WhiteElo "2130"]
[BlackElo "2240"]
[PlyCount "62"]
[EventDate "2006.11.07"]
[EventType "swiss"]
[EventRounds "9"]
[EventCountry "IND"]
[SourceTitle "CBM 115 Extra"]
[Source "ChessBase"]
[SourceDate "2007.01.10"]
[SourceVersion "1"]
[SourceVersionDate "2007.01.10"]
[SourceQuality "1"]

1. e4 c5 2. Nf3 d6 3. d4 Nf6 4. Nc3 cxd4 5. Nxd4 a6 6. Be2 e5 7. Nb3 Be7 8. 0-0 0-0 9. Be3 Be6 10. f4 Qc7 11. f5 Bc4 12. Bxc4 Qxc4 13. Nd2 Qc6 14. Qf3 b5 15. a3 Rd8 16. g4 d5 17. exd5 Nxd5 18. Nxd5 Qxd5 19. Ne4 Nc6 20. c3 f6 21. Bb6 Qb3 22. Bxd8 Rxd8 23. Rad1 Qxb2 24. Nxf6+ gxf6 25. Qxc6 Rxd1 26. Rxd1 Qe2 27. Qd5+ Kg7 28. Kh1 e4 29. Rg1 Qf3+ 30. Rg2 Qf1+ 31. Rg1 Qf3+ 1/2-1/2